000 00867nam a2200241 a 4500
001 BRCA_8638
005 20190320210343.0
008 230916s1800----mx-#######---#000-0#spa-#
041 _aspa
044 _amx
245 1 0 _aCapitulo XV de los instrumentos que necessita y conviene tenga el medidor y la noticia que ha menester varias medidas que se usan en las ciudades.
260 _a[s.l.]
_b[s.i.]
_c18--?
300 _a154 p.
_c31 cm
500 _aFondo antiguo
500 _aSe encuentra en Caja Fuerte
500 _aD-127?
500 _aIncluye 13 planos con figuras
500 _aIncluye el tratado segundo de las medidas de minas
500 _aNota de encuadernación: se conserva en carpeta de piel de becerro
506 0 _aFondo reservado: para su consulta es necesario credencial de usuario y carta de motivos
902 _aLAR
942 _2lcc
_cB
999 _c8298
_d8298